Fiche brevet/bac - Sous-genres littéraires- Théâtral - Statistiques

Statistiques générales
  • Ce quiz a été pris 63 fois
  • Le résultat moyen est 3 sur 7
Statistiques - réponses
Description du sous-genre Sous-genre littéraire % Correct
Pièce de théâtre ayant pour but de divertir par le rire. Comédie
98%
Œuvre dramatique (surtout en vers), représentant des personnages illustres aux prises avec des conflits intérieurs et un destin exceptionnel et malheureux ; genre de ce type de pièces. Tragédie
75%
Tragédie dont l'action est romanesque et le dénouement heureux (ex. « Le Cid », de Corneille). Tragicomédie
46%
Il a pour but de faire rire et qui a souvent des caractéristiques grossières. Farce
21%
Genre théâtral comportant des pièces dont l'action généralement tragique, pathétique, s'accompagne d'éléments réalistes, familiers, comiques. Drame
20%
Farce satirique et allégorique du Moyen Âge, jouée par des acteurs en costume de bouffon. Sotie
5%
Elle met en scène des personnages allégoriques, représentant les vices et vertus des hommes ainsi que les défauts de la société ; le thème central est l’antagonisme entre Bien et Mal. Moralité
4%
Aucun quiz correspondant
Distribution des résultats
% des personnes avec chaque résultat
Percentile par nombre de réponses
Votre historique - résultats
Vous n’avez pas pris ce quiz